Statistics for All MotoGP podiums 2020–present

Click here to take the quiz!

General Stats

  • This quiz has been taken 203 times
    (29 since last reset)
  • The average score is 19 of 23

Answer Stats

PodiumsNameNationality% Correct
4Álex MárquezSpain
96%
12Brad BinderSouth Africa
96%
24Fabio QuartararoFrance
96%
38Francesco BagnaiaItaly
96%
15Johann ZarcoFrance
96%
7Marc MárquezSpain
96%
13Joan MirSpain
91%
10Álex RinsSpain
87%
17Jack MillerAustralia
87%
19Jorge MartínSpain
87%
7Miguel OliveiraPortugal
87%
6Franco MorbidelliItaly
83%
2Luca MariniItaly
83%
9Marco BezzecchiItaly
83%
10Aleix EspargaróSpain
78%
10Enea BastianiniItaly
78%
7Pol EspargaróSpain
78%
11Maverick ViñalesSpain
74%
1Valentino RossiItaly
74%
2Andrea DoviziosoItaly
65%
2Fabio Di GiannantonioItaly
65%
1Pedro AcostaSpain
57%
1Danilo PetrucciItaly
48%

Score Distribution

Percentile by Number Answered

Percent of People with Each Score

Your Score History

You have not taken this quiz since the last reset